000 00515nam a2200145 4500
001 118523
003 ES-MaACL
007 t|
008 070214s1934 gw r ||||1| ger d
100 1 _aPeters, Hermann B.
_991471
245 1 0 _aWissenschaftliche ergebnisse der deutschen grönland-expedition Alfred Wegener 1929 und 1930/1931 ... band VI anthropologie und zoologie /
_cHermann B. Peters.
260 _aLeipzig :
_bF.A. Brockhaus,
_c1934.
300 _aVII, 196 p. :
_bil. ;
_c29 cm.
852 _aES-MaACL
_jC-7472
999 _c118523
_d118523